Central Library and Information Centre
Sibsagar Girls' College, Sivasagar : Assam

GENDER AND HEALTH (Record no. 31233)

MARC details
000 -LEADER
fixed length control field 00369nam a22001457a 4500
005 - DATE AND TIME OF LATEST TRANSACTION
control field 20250312065043.0
008 - FIXED-LENGTH DATA ELEMENTS--GENERAL INFORMATION
fixed length control field 250312b |||||||| |||| 00| 0 eng d
040 ## - CATALOGING SOURCE
Transcribing agency
100 ## - MAIN ENTRY--PERSONAL NAME
Personal name SAIKIA, JYOTI PRASAD
9 (RLIN) 440
245 ## - TITLE STATEMENT
Title GENDER AND HEALTH
250 ## - EDITION STATEMENT
Edition statement 1ST
260 ## - PUBLICATION, DISTRIBUTION, ETC.
Name of publisher, distributor, etc. GENISIS PRINTER AND PUBLISHER PVT. LTD, GUWAHATI
Date of publication, distribution, etc. 2014
300 ## - PHYSICAL DESCRIPTION
Extent 224:P
942 ## - ADDED ENTRY ELEMENTS (KOHA)
Source of classification or shelving scheme Dewey Decimal Classification
Koha item type Books
Holdings
Withdrawn status Lost status Source of classification or shelving scheme Damaged status Not for loan Collection code Home library Current library Shelving location Date acquired Total Checkouts Barcode Date last seen Price effective from Koha item type Public note
    Dewey Decimal Classification     TBSOC Central Library and Information Centre Sibsagar Girls College Central Library and Information Centre Sibsagar Girls College Monika Saikia Lit Corner 11.03.2025   49948 12.03.2025 12.03.2025 Books V
    Dewey Decimal Classification     TBSOC Central Library and Information Centre Sibsagar Girls College Central Library and Information Centre Sibsagar Girls College Monika Saikia Lit Corner 11.03.2025   49947 12.03.2025 12.03.2025 Books V


Sibsagar Girl's College © 2020. All rights reserved.
Powered by Koha.
Maintained by Abhijit Borpuzari.